[Event "Caorle op-A"]
[Site "Caorle"]
[Date "1991.07.09"]
[Round "5.14"]
[White "Anceschi, Vittorio"]
[Black "Peek, Marcel"]
[Result "1/2-1/2"]
[WhiteElo "2238"]
[BlackElo "2345"]
[PlyCount "85"]
[EventDate "1991.07.05"]
[EventType "swiss"]
[EventRounds "9"]
[EventCountry "ITA"]
[SourceTitle "EXT 2023"]
[Source "ChessBase"]
[SourceDate "2022.10.05"]
[SourceVersion "1"]
[SourceVersionDate "2022.10.05"]
[SourceQuality "1"]

1. e4 c5 2. Nc3 Nc6 3. g3 g6 4. Bg2 Bg7 5. d3 e6 6. Be3 d6 7. Qd2 Nge7 8. Bh6 0-0 9. Bxg7 Kxg7 10. Nge2 e5 11. 0-0 Be6 12. f4 f6 13. Nd5 Nd4 14. Ne3 Qd7 15. c3 Nxe2+ 16. Qxe2 Rae8 17. f5 Bf7 18. fxg6 hxg6 19. Rf2 Be6 20. Raf1 Rf7 21. a3 Ref8 22. g4 g5 23. h3 Ng6 24. Qd2 Nf4 25. d4 Qc8 26. Re1 Rh8 27. Rf3 Rh6 28. Nf5+ Bxf5 29. exf5 cxd4 30. cxd4 Rc7 31. Rxf4 gxf4 32. dxe5 dxe5 33. g5 fxg5 34. Rxe5 Rc1+ 35. Kh2 Rc2 36. Qd4 Rxh3+ 37. Kg1 Rxg2+ 38. Kxg2 Rg3+ 39. Kf2 Kh6 40. Rc5 Qe8 41. Re5 Qc8 42. Rc5 Qe8 43. Re5 1/2-1/2

[Event "Caorle op-A"]
[Site "Caorle"]
[Date "1991.07.06"]
[Round "2.10"]
[White "Anceschi, Vittorio"]
[Black "Nurkic, Sahbaz"]
[Result "1/2-1/2"]
[WhiteElo "2238"]
[BlackElo "2395"]
[PlyCount "83"]
[EventDate "1991.07.05"]
[EventType "swiss"]
[EventRounds "9"]
[EventCountry "ITA"]
[SourceTitle "EXT 2023"]
[Source "ChessBase"]
[SourceDate "2022.10.05"]
[SourceVersion "1"]
[SourceVersionDate "2022.10.05"]
[SourceQuality "1"]

1. e4 c5 2. Nc3 Nc6 3. g3 g6 4. Bg2 Bg7 5. d3 d6 6. Be3 Nf6 7. h3 0-0 8. Nge2 e5 9. 0-0 Nd4 10. f4 exf4 11. Nxf4 Be6 12. Nce2 Nxe2+ 13. Qxe2 Rc8 14. c3 Qd7 15. Kh2 b5 16. Rf2 Kh8 17. d4 cxd4 18. Bxd4 a6 19. Qd2 Ne8 20. a4 bxa4 21. Nxe6 Qxe6 22. Rxa4 Nc7 23. Ra5 Be5 24. Qe3 Kg8 25. Bf1 Ra8 26. Bxe5 dxe5 27. Qc5 Qd7 28. Bc4 Rae8 29. Bxa6 Nxa6 30. Rxa6 Qd3 31. Ra4 Qd1 32. Rb4 Ra8 33. Qd5 Qb1 34. Rxf7 Rxf7 35. Qxa8+ Kg7 36. Rb7 Qc2+ 37. Kg1 Qf2+ 38. Kh1 Qf1+ 39. Kh2 Qe2+ 40. Kg1 Qd1+ 41. Kh2 Qc2+ 42. Kg1 1/2-1/2

[Event "Caorle op-A"]
[Site "Caorle"]
[Date "1991.07.05"]
[Round "1.9"]
[White "Anceschi, Vittorio"]
[Black "Zeitlein, Michael"]
[Result "1-0"]
[WhiteElo "2238"]
[BlackElo "2480"]
[PlyCount "133"]
[EventDate "1991.07.05"]
[EventType "swiss"]
[EventRounds "9"]
[EventCountry "ITA"]
[SourceTitle "EXT 2023"]
[Source "ChessBase"]
[SourceDate "2022.10.05"]
[SourceVersion "1"]
[SourceVersionDate "2022.10.05"]
[SourceQuality "1"]

1. e4 c5 2. Nc3 d6 3. g3 Nf6 4. Bg2 Nc6 5. d3 g6 6. Be3 Bg7 7. Nge2 0-0 8. h3 Bd7 9. 0-0 b5 10. Qd2 b4 11. Nd1 a5 12. Bh6 Bxh6 13. Qxh6 Nd4 14. Qd2 Rc8 15. c3 bxc3 16. bxc3 Nc6 17. Ne3 a4 18. Rab1 Rb8 19. Nf4 e6 20. g4 Na7 21. d4 Qa5 22. Nc4 Qa6 23. Nxd6 Qxd6 24. e5 Qe7 25. exf6 Qxf6 26. dxc5 Bb5 27. Rfd1 Rbc8 28. Qe3 Bc4 29. Rb4 Bxa2 30. Rd7 Nc6 31. Rxa4 Bb3 32. Bxc6 Rxc6 33. Raa7 Bc4 34. Qd4 e5 35. Qxc4 exf4 36. Qd4 Qe6 37. Qd5 Qxd5 38. Rxd5 f3 39. Kh2 Rfc8 40. Ra5 Re8 41. Rd6 Rc7 42. c6 Kf8 43. Kg3 Rec8 44. Re5 Rxc6 45. Rxc6 Rxc6 46. Re3 Kg7 47. Kxf3 Rc4 48. Ke2 Rc8 49. Kd3 Rd8+ 50. Kc2 Rc8 51. Re4 f5 52. Re7+ Kh6 53. f4 fxg4 54. hxg4 Rf8 55. Re4 Kg7 56. g5 h5 57. gxh6+ Kxh6 58. c4 Rc8 59. Kc3 Kh5 60. Kb4 Rb8+ 61. Ka5 Ra8+ 62. Kb5 Rb8+ 63. Kc6 Kg4 64. c5 Kf5 65. Rd4 g5 66. fxg5 Kxg5 67. Kd7 1-0

[Event "Forli op"]
[Site "Forli"]
[Date "1991.??.??"]
[Round "2"]
[White "Anceschi, Vittorio"]
[Black "Maljutin, Evgeni"]
[Result "0-1"]
[WhiteElo "2270"]
[BlackElo "2385"]
[PlyCount "122"]
[EventDate "1991.09.??"]
[EventType "swiss"]
[EventRounds "9"]
[EventCountry "ITA"]
[SourceTitle "EXT 1997"]
[Source "ChessBase"]
[SourceDate "1996.11.15"]
[SourceVersion "1"]
[SourceVersionDate "1996.11.15"]
[SourceQuality "1"]

1. e4 d5 2. exd5 Nf6 3. d4 Nxd5 4. c4 Nb6 5. Nc3 e5 6. dxe5 Qxd1+ 7. Nxd1 Nc6 8. Bd2 Nxe5 9. b3 Bf5 10. Bc3 Nd3+ 11. Bxd3 Bxd3 12. Ne3 Ba3 13. Ne2 0-0 14. Nf4 Be4 15. 0-0 Rfd8 16. Rad1 Be7 17. Nh5 f6 18. Ng3 Bg6 19. Nef5 Bf8 20. Nd4 Bf7 21. h4 c6 22. Ndf5 Rd7 23. Rxd7 Nxd7 24. Rd1 Nc5 25. h5 a5 26. Re1 h6 27. Rd1 a4 28. b4 Na6 29. a3 Bxc4 30. Rd7 c5 31. Nxh6+ gxh6 32. Ne4 Bg7 33. Bxf6 Bf7 34. b5 Bxf6 35. Nxf6+ Kg7 36. Ne4 Nb4 37. Rxb7 Kg8 38. Nxc5 Nd5 39. b6 Be8 40. Ne6 Bf7 41. Nd4 Bxh5 42. Nf5 Be8 43. Nxh6+ Kf8 44. Nf5 Rd8 45. g4 Bd7 46. Ne3 Nxe3 47. fxe3 Ke7 48. Ra7 Kd6 49. b7 Bc6 50. Kf2 Kc5 51. Ra5+ Kc4 52. Ra6 Kb5 53. Ra8 Rxa8 54. bxa8Q Bxa8 55. e4 Kc4 56. Ke3 Bc6 57. e5 Kb3 58. Kd2 Kxa3 59. Kc1 Be4 60. e6 Bg6 61. e7 Ka2 0-1

[Event "Forli op"]
[Site "Forli"]
[Date "1991.??.??"]
[Round "5"]
[White "Magalotti, Andrea"]
[Black "Anceschi, Vittorio"]
[Result "0-1"]
[WhiteElo "2205"]
[BlackElo "2270"]
[PlyCount "92"]
[EventDate "1991.09.??"]
[EventType "swiss"]
[EventRounds "9"]
[EventCountry "ITA"]
[SourceTitle "EXT 1997"]
[Source "ChessBase"]
[SourceDate "1996.11.15"]
[SourceVersion "1"]
[SourceVersionDate "1996.11.15"]
[SourceQuality "1"]

1. e4 e6 2. d4 d5 3. Nd2 Nf6 4. e5 Ne4 5. Bd3 Nxd2 6. Bxd2 c5 7. c3 Nc6 8. Nf3 Qb6 9. 0-0 c4 10. Be2 h6 11. Rb1 Qc7 12. b3 b5 13. a4 a6 14. axb5 axb5 15. b4 Qa7 16. Bc1 Be7 17. Ne1 0-0 18. Nc2 Bd7 19. Na3 Qb6 20. Kh1 f6 21. exf6 Bxf6 22. Nc2 Be8 23. Bg4 e5 24. dxe5 Nxe5 25. Be3 Qb7 26. Be2 Nc6 27. Bc5 Bf7 28. Bxf8 Rxf8 29. Qd2 Rd8 30. Rbd1 d4 31. cxd4 Nxd4 32. Nxd4 Rxd4 33. Qe3 Re4 34. Bf3 Rxe3 35. Bxb7 Rb3 36. Bc6 Rxb4 37. Rb1 Bb2 38. Rfd1 Bg6 39. Rd8+ Kh7 40. Re1 c3 41. Bd5 h5 42. Bg8+ Kh6 43. Rd6 c2 44. Bf7 Bf6 45. Ba2 Rb2 46. Ra6 b4 0-1

[Event "Caorle op"]
[Site "Caorle"]
[Date "1989.??.??"]
[Round "4"]
[White "Anceschi, Vittorio"]
[Black "De Gregorio, Massimiliano"]
[Result "0-1"]
[WhiteElo "2225"]
[BlackElo "1900"]
[PlyCount "114"]
[EventDate "1989.07.??"]
[EventType "swiss"]
[EventRounds "8"]
[EventCountry "ITA"]
[SourceTitle "EXT 2000"]
[Source "ChessBase"]
[SourceDate "1999.11.16"]
[SourceVersion "1"]
[SourceVersionDate "1999.11.16"]
[SourceQuality "1"]

1. e4 g6 2. d4 Bg7 3. Nf3 d6 4. Bc4 Nf6 5. Qe2 Bg4 6. h3 Bxf3 7. Qxf3 Nc6 8. c3 0-0 9. 0-0 e5 10. Be3 exd4 11. cxd4 Qe7 12. Nc3 Rae8 13. Bd3 Nd7 14. Nd5 Qd8 15. Rac1 Bxd4 16. Rxc6 Ne5 17. Nf6+ Kh8 18. Qg3 Nxc6 19. Bxd4 Nxd4 20. Nxe8 Rxe8 21. Re1 Qf6 22. Bc4 b5 23. Bf1 a6 24. Qc3 c5 25. Qa5 Ra8 26. Qb6 Kg7 27. Qb7 Qd8 28. e5 Qc8 29. Qe4 Qc6 30. Qf4 d5 31. b4 Ne6 32. Qf6+ Kg8 33. bxc5 Qxc5 34. Be2 Re8 35. Bf3 d4 36. Qh4 Kg7 37. Bg4 a5 38. Qf6+ Kg8 39. Bxe6 Rxe6 40. Qd8+ Kg7 41. Qxa5 Rxe5 42. Qd2 Rxe1+ 43. Qxe1 d3 44. g4 Qd5 45. Qd2 b4 46. f4 Qd4+ 47. Kf1 Qe4 48. Kf2 h5 49. Qe3 Qc4 50. Qd2 hxg4 51. hxg4 f5 52. g5 Kf7 53. Ke1 Qd4 54. Kd1 Ke6 55. Qe1+ Kd5 56. Qe8 Qa1+ 57. Kd2 Qc3+ 0-1

[Event "Reggio Emilia-B 8990 32nd"]
[Site "Reggio Emilia"]
[Date "1989.??.??"]
[Round "?"]
[White "Manca, Federico"]
[Black "Anceschi, Vittorio"]
[Result "1-0"]
[WhiteElo "2285"]
[BlackElo "2285"]
[PlyCount "53"]
[EventDate "1989.12.??"]
[EventType "tourn"]
[EventRounds "11"]
[EventCountry "ITA"]
[SourceTitle "EXT 2000"]
[Source "ChessBase"]
[SourceDate "1999.11.16"]
[SourceVersion "1"]
[SourceVersionDate "1999.11.16"]
[SourceQuality "1"]

1. e4 c5 2. Nf3 Nc6 3. Bb5 Nf6 4. e5 Nd5 5. Nc3 e6 6. 0-0 a6 7. Bxc6 dxc6 8. d4 Nxc3 9. bxc3 Be7 10. Qe2 Qa5 11. Bd2 Bd7 12. Rfb1 0-0-0 13. a4 Qc7 14. Bg5 f6 15. Bh4 Qa5 16. exf6 gxf6 17. Bg3 cxd4 18. cxd4 e5 19. dxe5 Bg4 20. exf6 Bxf6 21. Qc4 Qf5 22. Ra3 Rd5 23. h3 Bxf3 24. Rxf3 Qe6 25. Qb3 b5 26. axb5 axb5 27. c4 1-0

[Event "Reggio Emilia-B 8990 32nd"]
[Site "Reggio Emilia"]
[Date "1989.??.??"]
[Round "?"]
[White "Rossi, Giampiero"]
[Black "Anceschi, Vittorio"]
[Result "1/2-1/2"]
[WhiteElo "2215"]
[BlackElo "2285"]
[PlyCount "113"]
[EventDate "1989.12.??"]
[EventType "tourn"]
[EventRounds "11"]
[EventCountry "ITA"]
[SourceTitle "EXT 2000"]
[Source "ChessBase"]
[SourceDate "1999.11.16"]
[SourceVersion "1"]
[SourceVersionDate "1999.11.16"]
[SourceQuality "1"]

1. d4 Nf6 2. c4 e6 3. Nc3 Bb4 4. Qc2 c5 5. dxc5 Nc6 6. Nf3 Bxc5 7. a3 d5 8. e3 Be7 9. b4 0-0 10. Bb2 Qc7 11. cxd5 exd5 12. Be2 Be6 13. 0-0 Rac8 14. Rac1 Ne5 15. Rfd1 Ng6 16. Qa4 Qb8 17. Nb5 a6 18. Nbd4 Ne4 19. Nxe6 Rxc1 20. Nxf8 Rxd1+ 21. Qxd1 Nxf8 22. Qxd5 Nf6 23. Bxf6 Bxf6 24. Nd4 Qc7 25. Qc4 Qd7 26. Bf3 Ne6 27. Bg4 Bxd4 28. Bxe6 fxe6 29. Qxd4 Qc6 30. Qd2 h6 31. f3 Qc4 32. Qb2 b5 33. g3 Qd3 34. Kf2 Kf7 35. e4 Kg8 36. Qc1 Kh7 37. g4 Qd4+ 38. Qe3 Qb2+ 39. Kg3 e5 40. h4 Qa1 41. h5 Kh8 42. f4 Kg8 43. fxe5 Qxe5+ 44. Kh3 Kh8 45. Kg2 Kg8 46. Qf3 Qb2+ 47. Kg3 Qa1 48. Kh3 Qe1 49. Qb3+ Kh8 50. Qd3 Qh1+ 51. Kg3 Qg1+ 52. Kf3 Qh2 53. Qd8+ Kh7 54. Qc8 Qh3+ 55. Ke2 Qxa3 56. Qf5+ Kg8 57. Qe6+ 1/2-1/2